| 000 | 00515nam a2200169 i 4500 | ||
|---|---|---|---|
| 001 | 149178 | ||
| 003 | ES-MaACL | ||
| 005 | 20250907063114.0 | ||
| 007 | t| | ||
| 008 | 071019s1904 sp ||||1| spa d | ||
| 100 | 1 |
_aVelasco y Lopez Cano, Eduardo, _d1853-1920 _9133595 |
|
| 245 | 1 | 3 |
_aLa democracia vascongada y las democracias modernas / _cE. Velasco. |
| 260 |
_aVitoria : _b[s.n.], _c1904 ( _fImp. Moderna) |
||
| 300 |
_a61 p. ; _c21 cm. |
||
| 852 |
_aES-MaACL _jT-1032-F-10 |
||
| 999 |
_c149178 _d149178 |
||